| 000 | 00755nam a2200253Ia 4500 | ||
|---|---|---|---|
| 003 | OSt | ||
| 005 | 20220928132556.0 | ||
| 006 | a|||||r|||| 00| 0 | ||
| 007 | ta | ||
| 008 | 220927b |||||||| |||| 00| 0 eng d | ||
| 024 | _a45299 | ||
| 037 | _cTextual | ||
| 040 |
_aSDCL _cSDCL _beng |
||
| 041 |
_2eng _aeng |
||
| 082 | _aV6:71'P, N3 | ||
| 100 |
_aShaw Thurstan Ed. _9482306 |
||
| 245 | 0 |
_aArchaeology of Africa _b Food, metals and towns |
|
| 260 |
_aLondon _bRoutledge Publisher _c1993 |
||
| 300 |
_axxxvi,857p _ccm. |
||
| 700 |
_a Andah Bassey Ed. _9482307 |
||
| 700 |
_a Sinclair Paul Ed. _9482308 |
||
| 942 |
_hV6:71'P, N3 _cTEXL _2CC |
||
| 999 |
_c795011 _d795011 |
||